Heinz, Wolfgang Bing

Saved in:  
Bibliographic Details
Main Author: Schmider, Christoph (Author)
Format: Print Article
Language:German
Check availability: HBZ Gateway
Interlibrary Loan:Interlibrary Loan for the Fachinformationsdienste (Specialized Information Services in Germany)
Published: 2015
In: Zeugen für Christus
Year: 2015, Pages: 288-292
Further subjects:B Bing, Heinz Wolfgang (1922-1942)
B Biography
B Image

MARC

LEADER 00000caa a22000002c 4500
001 1874641536
003 DE-627
005 20260205155037.0
007 tu
008 231213s2015 xx ||||| 00| ||ger c
020 |a 3506757784 
035 |a (DE-627)1874641536 
035 |a (DE-599)KXP1874641536 
040 |a DE-627  |b ger  |c DE-627  |e rda 
041 |a ger 
084 |a 1  |2 ssgn 
084 |a 07  |2 bwlb 
100 1 |a Schmider, Christoph  |e VerfasserIn  |4 aut 
245 1 0 |a Heinz, Wolfgang Bing 
264 1 |c 2015 
336 |a Text  |b txt  |2 rdacontent 
337 |a ohne Hilfsmittel zu benutzen  |b n  |2 rdamedia 
338 |a Band  |b nc  |2 rdacarrier 
600 1 7 |0 (DE-588)1075602769  |0 (DE-627)833521489  |0 (DE-576)444389377  |a Bing, Heinz Wolfgang  |d 1922-1942  |2 gnd  |7 (dpeaa)DE-631 
601 |a Wolfgang 
650 0 7 |0 (DE-588)4006627-7  |0 (DE-627)106376888  |0 (DE-576)208866353  |a Bildnis  |2 gnd  |7 (dpeaa)DE-631 
655 7 |a Biografie  |0 (DE-588)4006804-3  |0 (DE-627)104213493  |0 (DE-576)208867147  |2 gnd-content 
773 0 8 |i Enthalten in  |t Zeugen für Christus  |b 2., durchges. Aufl.  |d Paderborn : Schöningh, 2000  |g 1. - 6., erw. und neu strukturierte Aufl. - Paderborn, 2015. - S. 288 - 292  |w (DE-627)76745779X  |w (DE-576)9767457798  |z 3506757784 
773 1 8 |g year:2015  |g pages:288-292 
935 |a BWLB 
951 |a AR 
ELC |b 1 
ORI |a TA-MARC-ixtheo_oa001.raw 
STA 0 0 |a Image,Portrait 
STB 0 0 |a Portrait 
STC 0 0 |a Retrato 
STD 0 0 |a Ritratto 
STE 0 0 |a 肖像 
STF 0 0 |a 肖像 
STG 0 0 |a Retrato 
STH 0 0 |a Портрет 
STI 0 0 |a Προσωπογραφία,Πορτρέτο 
SYE 0 0 |a Porträt,Portrait